Представление документа в формате MARC21

ПолеНазваниеЗначение
  Тип записи a
  Библиографический уровень m
001 Контрольный номер RU/URAIT/568330
005 Дата корректировки 20260429163621.7
008 Кодируемые данные 260429s2025 RU y f j 000 0 rus u
020 Индекс ISBN __
a ISBN 978-5-534-15418-4
c Цена, тираж 1279.00
040 Источник каталогиз. __
a Служба первич. каталог. ИКО Юрайт
c Служба, преобразующая запись ИКО Юрайт
e Правила каталог. RCR
041 Код языка издания __
a Код языка текста rus
044 Код страны публикации __
a Код страны публикации RU
080 Индекс УДК __
a Индекс УДК 8234
084 Индекс другой классификации/Индекс ББК __
2 Источник индекса rubbk
a Индекс другой классификации/Индекс ББК 82
100 Автор __
a Автор Швыров А. В.
q Полное имя Швыров Александр Васильевич
245 Заглавие __
a Заглавие Легенды европейских народов
b Продолж. заглавия - служебная - для во и спо
c Ответственность А. В. Швыров.
256 Характеристики компьютерного файла __
a Характеристики компьютерного файла Электрон. дан.
260 Выходные данные __
a Место издания Москва
b Издательство Юрайт
c Дата издания 2025
300 Физическое описание __
a Объем 295 с
440 Серия __
a Серия Памятники литературы
500 Примечания __
a Примечание URL: https://urait.ru/bcode/568330 (дата обращения: 29.04.2026).
520 Аннотация __
a Аннотация Искусствовед и переводчик А. В. Швыров собрал легенды кельтов, древних германцев, англичан и других народов Европы. В сборнике излагается содержание всемирно известных сказаний — об Агасфере, Дон Жуане, Тристане и Изольде, Летучем голландце — и прослеживается история их возникновения. Русские легенды представлены песнями о Стеньке Разине, которые автор сопоставляет с балладами об английском благородном разбойнике Робине Гуде. Публикуется по изданию 1904 года в современной орфографии. Для широкого круга читателей.
538 Прим. о системных особенностях __
a Прим. о системных особенностях Режим доступа: Электронно-библиотечная система Юрайт, для авториз. пользователей
653 Ключевые слова __
a Ключевые слова Фольклор
653 Ключевые слова __
a Ключевые слова Языки и литература
653 Ключевые слова __
a Ключевые слова Мифология и фольклор
653 Ключевые слова __
a Ключевые слова Легенда о Фаусте в европейской литературе и искусстве
653 Ключевые слова __
a Ключевые слова Мифология и фольклор англоязычных стран
653 Ключевые слова __
a Ключевые слова Культура Средневековья
856 Электронный адрес документа 40
n Местонахождение сервера Юрайт
g Электронная книга
q Тип электронного формата html
h Имя пользователя ЮРАЙТ
v Часы доступа к ресурсу 20271231
2 Способ доступа Показать документ
x Служебное примечание https://urait.ru/book/cover/53F6D573-8575-4C0C-B0F6-0939F0EBF0CF
u URL https://urait.ru/bcode/568330
856 Электронный адрес документа 48
q Тип электронного формата cover
u URL https://urait.ru/book/cover/53F6D573-8575-4C0C-B0F6-0939F0EBF0CF
911 __
u 0030=https://urait.ru/bcode/568330
911 __
u 073a=9785534154184
u 073d=1279.00
911 __
u 106a=s
911 __
u 900l=
952 Тип литературы __
i Дисциплина Мифология и фольклор
952 Тип литературы __
i Дисциплина Легенда о Фаусте в европейской литературе и искусстве
952 Тип литературы __
i Дисциплина Мифология и фольклор англоязычных стран
952 Тип литературы __
i Дисциплина Культура Средневековья